Movies Quiz

Random Movies or Celebrity Quiz

Marvel Comics: Stan Lee & his Amazing Friends Quiz Stats

 Plays Quiz not verified by Sporcle

Challenge
Share
Tweet
Score 0/38 Timer 10:00
0 Plays Today
% Correct
Hawkeye (Jeremy Renner)
98.6%
Spider-Man (Tobey Maguire)
95.4%
Thor (Chris Hemsworth)
94%
The Hulk (Lou Ferrigno)
91.3%
War Machine (Don Cheadle)
89.4%
Ant-Man (Paul Rudd)
89.2%
Mystique (Jennifer Lawrence)
88.2%
Wolverine (Hugh Jackman)
87.5%
Iron Man (Robert Downey Jr.)
87.5%
Professor X (Patrick Stewart)
87%
Luke Cage (Mike Colter)
86.5%
Star-Lord (Chris Pratt)
85.8%
Agent Coulson (Clark Gregg)
82.9%
Spider-Man (Tom Holland)
82.5%
Loki (Tom Hiddleston)
82.2%
Storm (Halle Berry)
81.7%
Deadpool (Ryan Reynolds)
81.3%
Captain America (Chris Evans)
81%
Agent Carter (Hayley Atwell)
78.8%
% Correct
Black Widow (Scarlett Johansson)
77.9%
Magneto (Michael Fassbender)
76.9%
Daredevil (Ben Affleck)
74.3%
Black Panther (Chadwick Boseman) & Dr. Strange (Benedict Cumberbatch)
72.1%
The Hulk (Edward Norton)
72.1%
Lady Sif (Jaimie Alexander)
68.3%
Electro (Jamie Foxx)
68%
Yondu (Michael Rooker)
67.1%
Odin (Anthony Hopkins)
66.1%
Iron Monger (Jeff Bridges)
65.4%
Hank Pym (Michael Douglas)
65.1%
Falcon (Anthony Mackie) & Winter Soldier (Sebastian Stan)
63.5%
Mystique (Rebecca Romijn)
58.7%
The Punisher (Thomas Jane)
49.8%
Quake (Chloe Bennett)
49.8%
Nightcrawler (Alan Cumming)
49.5%
The Punisher (Jon Bernthal)
47.1%
Quicksilver (Aaron Taylor-Johnson)
46.2%
Howard the Duck (Seth Green)
30%

You're not logged in!

Compare scores with friends on all Sporcle quizzes.
Join for Free
OR
Log In

You Might Also Like...

Show Comments

Extras

Top Quizzes Today


Score Distribution

Your Account Isn't Verified!

In order to create a playlist on Sporcle, you need to verify the email address you used during registration. Go to your Sporcle Settings to finish the process.

Report this User

Report this user for behavior that violates our Community Guidelines.

Details: